| 000 | 00758cam a2200265Ia 4500 | ||
|---|---|---|---|
| 001 | u7842 | ||
| 003 | SIRSI | ||
| 005 | 20180220094317.0 | ||
| 008 | 960818s1997 nyua b 001 0 eng d | ||
| 020 | _a0716728680 | ||
| 039 | 9 |
_y200203190947 _zload |
|
| 040 | _aEAL. | ||
| 050 |
_aQR181 _bK83 1997 |
||
| 100 | 1 | _aKuby, Janis. | |
| 245 | 1 | 0 |
_aImmunology / _cJanis Kuby. |
| 250 | _a3rd ed. | ||
| 260 | 0 |
_aNew York : _bW. H. Freeman and Company, _cc1997. |
|
| 300 |
_axxiv, 664 p. : _bill. (some col.) ; _c30 cm. |
||
| 504 | _aIncludes bibliographical refereneces and index. | ||
| 596 | _a1 | ||
| 650 | 0 | _aImmunology. | |
| 910 | _agaa | ||
| 942 |
_cBK _2lcc |
||
| 999 |
_c33665 _d33665 |
||